Southville International School and Colleges
Your cart is empty.
  • Cart
  • Lists
    Public lists Eva Luna New books Lux_list list_1
    Your lists Log in to create your own lists
  • Log in to your account
  • Your cookies
  • Search history
Southville International School and Colleges
  • Advanced search
  • Recent comments
  • Most popular
  • Libraries

Log in to your account

Log in with GOOGLE


If you do not have an external account, but do have a local account, you can still log in:

  1. Home
  2. MARC view: Teezles and the snow rabbit (The) /
Normal view MARC view ISBD view

Teezles and the snow rabbit (The) / (Record no. 111876)

[ view plain ]
MARC details
000 -LEADER
fixed length control field 00448nam a2200169 a 4500
001 - CONTROL NUMBER
control field 2096
005 - DATE AND TIME OF LATEST TRANSACTION
control field 20140414131923.0
008 - FIXED-LENGTH DATA ELEMENTS--GENERAL INFORMATION
fixed length control field 001113s19uu xx 00 eng d
050 ## - LIBRARY OF CONGRESS CALL NUMBER
Classification number ER
Item number T22
100 ## - MAIN ENTRY--PERSONAL NAME
Personal name Barber, Terry
245 ## - TITLE STATEMENT
Title Teezles and the snow rabbit (The) /
Statement of responsibility, etc Terry Barber.
260 ## - PUBLICATION, DISTRIBUTION, ETC. (IMPRINT)
Place of publication, distribution, etc Bridlington, Eng. :
Name of publisher, distributor, etc Peter Haddock.
300 ## - PHYSICAL DESCRIPTION
Extent 16 p. ; cm.
650 ## - SUBJECT ADDED ENTRY--TOPICAL TERM
Topical term or geographic name as entry element Rabbits
General subdivision Stories.
650 ## - SUBJECT ADDED ENTRY--TOPICAL TERM
Topical term or geographic name as entry element Rabits
General subdivision Fictions.
Holdings
Withdrawn status Lost status Damaged status Use restrictions Home library Current library Shelving location Date acquired Source of acquisition Total Checkouts Full call number Barcode Date last seen Price effective from Koha item type
        Munich Library Munich Library Easy Reading Section 05/26/2005     ER T22 M2793 04/14/2014 04/14/2014 Books

Teezles and the snow rabbit (The) /

APA

Barber T., .Teezles and the snow rabbit (The). Bridlington, Eng: Peter Haddock.

Chicago

Barber Terry, .Teezles and the snow rabbit (The). Bridlington, Eng: Peter Haddock.

Harvard

Barber T., .Teezles and the snow rabbit (The). Bridlington, Eng: Peter Haddock.

MLA

Barber Terry, .Bridlington, Eng: Peter Haddock. .

  • Place hold
  • Print
  • Cite
  • Add to your cart (remove)
  • Save record
    BIBTEX Dublin Core MARCXML MARC (non-Unicode/MARC-8) MARC (Unicode/UTF-8) MARC (Unicode/UTF-8, Standard) MODS (XML) RIS
  • More searches
    Search for this title in:
    Other Libraries (WorldCat) Other Databases (Google Scholar) Online Stores (Bookfinder.com) Open Library (openlibrary.org)

Exporting to Dublin Core...

SOUTHVILLE LIBRARY

Southville International School and Colleges Library

1281 Tropical Ave. Cor. Luxembourg St., BF Homes International, Las Pinas City

Tel. No. 8256374 / 252358 Loc. 117/146

Powered by Koha